Umbrella Academy Quote Quiz - Statistics

General Stats
  • This quiz has been taken 312 times
  • The average score is 21 of 31
Answer Stats
Hint Extra Hint Answer % Correct
I'm the S2 daddy here
85%
they are gone like a S2 fart in the wind
81%
unfortunately ghosts can't S2 time travel
81%
we didn't choose this life S1 we're just living it
80%
what would possess me to adopt seven S2 ill-mannered malcontents
78%
I now pronounce you two S3 married as shit!
77%
I cant believe I got shanked by S2 my own father
77%
dad, could you stop playing S1 tennis with hitler
77%
you are an open book written for S2 very dumb children
77%
good luck on your next film hope it turns out better than S1 your marriage
77%
cmon and help me wrap up your S3 uncle in the carpet
76%
you guys are scarier S1 without the masks
76%
peace is overrated and S3 chaos is exhausting
72%
I know this is impossible, but S2 did we all get sexier?
72%
and you were going to S3 dissolve the body
72%
Stanley! now's not the time to be doing S3 karate
72%
we laughed, we cried, we played in traffic and long story short: S3 I'm immortal now
70%
my cult is going to be so pissed S2 I told them we had until 2019
70%
eternal peace is S1 probably overrated
69%
maybe they're here for S1 Kenny's Birthday!
67%
bet you're loving this. the team at its best, S1 just like old times. best funeral ever.
64%
wonder if its too late to be S2 un-adopted
64%
not that apocalypse S2 this is a new one
62%
I love you too, S3 Tiny Dancer!
57%
they're not here to sell S2 vacuums
57%
its like, here you go, it's S3 your ass
57%
no twine, S3 no birthmother!
55%
he's dead S1 yay!
52%
why do you hate S3 tiny sandwiches
47%
you're useless, you're all useless S1 lighten up old man
30%
we're all looking for S1 happy
28%
No matching quizzes found
Score Distribution
Percent of People with Each Score
Percentile by Number Answered
Your Score History
You have not taken this quiz